000 00633nam a2200241Ia 4500
003 OSt
005 20220918200716.0
006 a|||||r|||| 00| 0
007 ta
008 220917b |||||||| |||| 00| 0 eng d
024 _a89,937
037 _cTextual
040 _aARTS
_cARTS
_beng
041 _2eng
_aeng
082 _aU8.2.N9, N5
100 _aBanerji S K
_995231
245 0 _aForty years after independence
_b the change in India
260 _aNew Delhi
_bWnkay Pub
_c1995
300 _a235p.
_ccm.
650 _aGEOGRAPHY
942 _hU8.2.N9, N5
_cTEXL
_2CC
999 _c213606
_d213606